000 00554cam a22002053a 4500
001 38681
003 PGUSA
005 20140828083843.0
008 120127s2012||||xxu|||||s|||||000 | eng d
040 _aPGUSA
_beng
042 _adc
100 1 _aGill, Anna A.
245 1 0 _aPractical Basketry
_h[electronic resource] /
_cAnna A. Gill
260 _bProject Gutenberg,
_c2012
506 _aPublic domain in the USA.
516 _aElectronic text
830 0 _aProject Gutenberg
_v38681
856 4 0 _uhttp://www.gutenberg.org/ebooks/38681
942 _cEB
999 _c267935
_d267935